Netflix First Episodes Quiz Stats

 Plays Quiz Updated Aug 14, 2018

Challenge
Share
Tweet
Embed
Score 0/20 Timer 10:00
37 Plays Today
% Correct
Unbreakable Kimmy Schmidt
88.3%
Wet Hot American Summer: First Day of Camp
85.5%
Stranger Things
80.2%
13 Reasons Why
73.6%
A Series of Unfortunate Events
66.9%
Fuller House
66.8%
Narcos
54.5%
Orange Is the New Black
45.9%
Gilmore Girls: A Year in the Life
44.9%
Jessica Jones
38.9%
% Correct
Marco Polo
38.6%
Sense8
36.2%
The Crown
32.2%
Master of None
31.1%
Hemlock Grove
29.8%
Luke Cage
21.6%
One Day at a Time
20.2%
The Get Down
18.5%
Love
17.6%
The OA
15.6%

You're not logged in!

Compare scores with friends on all Sporcle quizzes.
Join for Free
OR
Log In

You Might Also Like...

Show Comments

Extras

Top Quizzes Today


Score Distribution

Your Account Isn't Verified!

In order to create a playlist on Sporcle, you need to verify the email address you used during registration. Go to your Sporcle Settings to finish the process.

Report this User

Report this user for behavior that violates our Community Guidelines.

Details: